Inflexibilidad descendente de las tasas de interés (Registro nro. 16482)

Detalles MARC
000 -LEADER
fixed length control field 00346 a2200109 4500
001 - CONTROL NUMBER
control field ART_3535
005 - DATE AND TIME OF LATEST TRANSACTION
control field 20260410161715.0
008 - FIXED-LENGTH DATA ELEMENTS--GENERAL INFORMATION
fixed length control field 260409a
100 1# - MAIN ENTRY--PERSONAL NAME
Personal name Olivera, Julio H.G.
245 10 - TITLE STATEMENT
Title Inflexibilidad descendente de las tasas de interés
773 0# - HOST ITEM ENTRY
Title Desarrollo económico
Related parts - Vol. 28, Nº 109 (abr./jun. 1988)
Record control number REV1174

No hay ítems disponibles.